000 00507nam a22001937a 4500
005 20260316151722.0
008 260316b |||||||| |||| 00| 0 eng d
020 _a9788126918270
_c795.00
040 _aMAIN
041 _aEnglish
082 _a809
_bSIN
100 _aSinha, M. P.
_915561
245 _aCritical Theories
_b: Indian and Western
260 _aChennai
_bAtlantic Publishers
_c2013
300 _a272
650 _aHindu Studies
_925783
700 _aAgnihotri, Neeraj
_926484
942 _cBK
999 _c60517
_d60517